书目信息 |
| 题名: |
心理禅
|
|
| 作者: | 徐光兴 著 | |
| 分册: | ||
| 出版信息: | 上海 文汇出版社 2007 |
|
| 页数: | 293页 | |
| 开本: | 23cm | |
| 丛书名: | ||
| 单 册: | ||
| 中图分类: | B946.5 | |
| 科图分类: | ||
| 主题词: | 禅宗--宗教心理学--精神疗法 , 宗教心理学 , 精神疗法 , 禅宗 | |
| 电子资源: | ||
| ISBN: | 978-7-80741-151-2 | |
| 000 | 00897nam0 2200277 450 | |
| 001 | 070730000460 | |
| 005 | 20071015140808.85 | |
| 010 | @a978-7-80741-151-2@dCNY35.00 | |
| 035 | @a003427579 | |
| 100 | @a20070514d2007 em y0chiy0110 ea | |
| 101 | 0 | @achi |
| 102 | @aCN@b310000 | |
| 105 | @aa z 000yy | |
| 200 | 1 | @a心理禅@Axin li chan@e东方人的心理疗法@f徐光兴著 |
| 210 | @a上海@c文汇出版社@d2007 | |
| 215 | @a293页@c图@d23cm | |
| 330 | @a本书作者以其独特的视角和专业的水准,从心理学的角度解析禅宗文化,并将东方的禅和西方的现代科学及精神分析学进行比较研究,既揭示禅的真谛本义,又发掘禅的现代性。 | |
| 517 | 1 | @a东方人的心理疗法@Adong fang ren de xin li liao fa |
| 606 | 0 | @a禅宗@x宗教心理学@x精神疗法 |
| 606 | 0 | @a宗教心理学 |
| 606 | 0 | @a精神疗法 |
| 606 | 0 | @a禅宗 |
| 690 | @aB946.5@v4 | |
| 701 | 0 | @a徐光兴@Axu guang xing@4著 |
| 801 | 0 | @aCN@c20071015 |
| 905 | @dB946.5@eX710 | |
| 心理禅:东方人的心理疗法/徐光兴著.-上海:文汇出版社,2007 |
| 293页:图;23cm |
| ISBN 978-7-80741-151-2:CNY35.00 |
| 本书作者以其独特的视角和专业的水准,从心理学的角度解析禅宗文化,并将东方的禅和西方的现代科学及精神分析学进行比较研究,既揭示禅的真谛本义,又发掘禅的现代性。 |
| ● |
| 相关链接 |
|
|
|
正题名:心理禅
索取号:B946.5/X710
 
预约/预借
| 序号 | 登录号 | 条形码 | 馆藏地/架位号 | 状态 | 备注 |
| 1 | 651083 | 206510836 | 自科二线400A/400A自科库 10排4列5层/ [索取号:B946.5/X710] | 在馆 |